Best Current Football Player by country - Statistics

General Stats
  • This quiz has been taken 33 times
  • The average score is 9 of 16
Answer Stats
Hint Answer % Correct
Norway Haaland
93%
England Bellingham
86%
Brazil Vinicius Jr.
82%
Belgium De bruyne
79%
France Mbappe
79%
Argentina Martinez
71%
Germany Musiala
71%
Netherlands Virgil Van dijk
71%
Portugal Leao
61%
Georgia Kvaratskhelia
54%
Italy Barella
32%
Czech Republic Schick
32%
Scotland Ferguson
29%
Ukraine Dovbyk
25%
Ireland Coleman
7%
Australia Irakunda
4%
No matching quizzes found
Score Distribution
Percent of People with Each Score
Percentile by Number Answered
Your Score History
You have not taken this quiz